Körperliche oder seelische Gewalt? - Statistiken

Allgemein
  • Dieses Quiz wurde 99 mal gespielt
    79 seit der letzten Aktualisierung
  • Das Durchschnittsergebnis liegt bei 13 aus 15
Antwortstatistiken
Frage Antwort % Korrekt
Ein Mitschüler schlägt einem anderen gesagt ins Gesicht und schreit Beleidigungen. Beides
99%
Eine Schülergruppe redet absichtlich nicht mehr mit einer Person. Seelisch
99%
Jemand verbreitet Gerüchte über eine andere Person. Seelisch
99%
Einer Person wird gesagt, dass sie „nichts wert“ sei. Seelisch
99%
Eine Lehrkraft oder ein Erwachsener schreit ein Kind an, um es einzuschüchtern. Seelisch
96%
Ein Kind wird immer wieder ausgelacht und verspottet. Seelisch
94%
Ein Kind wird körperlich misshandelt und danach damit unter Druck gesetzt, nichts zu sagen. Beides
92%
Ein Kind wird beim Sport so grob geschubst, dass es schon fast gefährlich wird. Körperlich
89%
Ein Kind wird im Vorbeigehen absichtlich hart angerempelt. Körperlich
83%
Jemand zeigt immer wieder „Drohgebärden“ (z. B. Fäuste ballen, böse anstarren Seelisch
83%
Ein Kind wird bedroht: „Wenn du das jemandem erzählst, bekommst du Ärger!“ Seelisch
82%
Jemand bekommt heimlich einen kräftigen Schlag in den Rücken. Körperlich
79%
Ein Kind wird geschubst, damit es hinfällt. Körperlich
78%
Einer hält das Opfer fest, ein anderer tritt auf ihn ein. Körperlich
63%
Ein Kind wird festgehalten, damit es nicht weggehen kann. Körperlich
51%
Keine übereinstimmenden Quizze gefunden
Verteilung der Resultate
Anzahl Personen mit jedem Resultat
Perzentil nach korrekt beantworteten Fragen
Ihre Resultats-Entwicklung
Sie haben dieses Quiz seit der letzten Aktualisierung nicht gespielt